| 000 | 00656nam a22001695i 4500 | ||
|---|---|---|---|
| 001 | 165919 | ||
| 003 | ES-MaACL | ||
| 005 | 20230906213229.0 | ||
| 008 | 030508s1876 sp |||| | spa d | ||
| 040 |
_aCCPB | B _bspa _cCCPB | B |
||
| 100 | 1 |
_aSuzzara, Juan. _9132962 |
|
| 245 | 1 | 0 |
_aProyecto y plan para la reconstitución de la hacienda española / _cpor Juan Suzzara. |
| 260 |
_aMadrid : _b[s.n.], _c1876 ( _fimprenta del Indicador de los Caminos de Hierro) |
||
| 300 |
_a20 p. ; _c23 cm. |
||
| 650 | 4 |
_aConversión de la deuda- _zEspaña. _9155703 |
|
| 852 |
_aES-MaACL _jT-258-F-8 _z-- Enc. hol., falto de la enc. original _z-- Enc. en un vol. facticio |
||
| 999 |
_c165919 _d165919 |
||